00151nam a22000737a 4500020001700000100001400017245001500031260003100046 a978043963430 aJohn Muth aZen Ghosts aNew YorkbScholasticc2010